000 00208 a2200097 4500
001 16413
100 _aFerozsons
245 _aEng to eng & urdu Dict
260 _aLahore
_bFerozsons
_c
090 _c12514
_d12514
942 _aNUST-CAE
_cM
_c2797
999 _c251486
_d251486